[Event "Ontario-ch U20"]
[Site "Mississauga"]
[Date "2019.01.12"]
[Round "2.6"]
[White "Ajith, Aayush"]
[Black "Hack, Justin"]
[Result "0-1"]
[WhiteElo "1877"]
[BlackElo "1818"]
[PlyCount "76"]
[EventDate "2019.01.12"]
[EventType "swiss"]
[EventRounds "5"]
[EventCountry "CAN"]
[SourceTitle "EXT 2022"]
[Source "ChessBase"]
[SourceDate "2021.10.06"]
[SourceVersion "1"]
[SourceVersionDate "2021.10.06"]
[SourceQuality "1"]

1. d4 Nf6 2. c4 e6 3. Nc3 Bb4 4. Qc2 0-0 5. e4 Bxc3+ 6. bxc3 d6 7. Nf3 e5 8. h3 Re8 9. d5 h6 10. Be2 Nbd7 11. Be3 b6 12. 0-0 Nf8 13. Nd2 Ng6 14. Kh2 Nf4 15. Bxf4 exf4 16. Bd3 Nd7 17. Nf3 Ne5 18. Nxe5 Rxe5 19. Qd1 Qh4 20. Qf3 Rg5 21. Be2 Bd7 22. Rg1 Re8 23. Rae1 Ree5 24. Bf1 Rg6 25. g3 fxg3+ 26. Rxg3 Rf6 27. Qg2 g5 28. Ree3 Kf8 29. Be2 Rf4 30. Bf3 g4 31. Be2 gxh3 32. Qg1 Rexe4 33. Rxe4 Rxe4 34. Bf3 Re5 35. Rg8+ Ke7 36. Rg3 Qf4 37. Qf1 h5 38. Kh1 h4 0-1

[Event "Markham op U2200"]
[Site "Markham"]
[Date "2018.10.06"]
[Round "2"]
[White "Gao, Raymond"]
[Black "Hack, Justin"]
[Result "1-0"]
[WhiteElo "1926"]
[BlackElo "1834"]
[PlyCount "79"]
[EventDate "2018.10.05"]
[EventType "swiss"]
[EventRounds "5"]
[EventCountry "CAN"]
[SourceTitle "EXT 2022"]
[Source "ChessBase"]
[SourceDate "2021.10.06"]
[SourceVersion "1"]
[SourceVersionDate "2021.10.06"]
[SourceQuality "1"]

1. e4 c5 2. Nf3 d6 3. d4 cxd4 4. Qxd4 Nc6 5. Bb5 Bd7 6. Bxc6 Bxc6 7. Nc3 e5 8. Qd3 h6 9. 0-0 Nf6 10. Rd1 Be7 11. Nd2 d5 12. Qg3 Qc7 13. exd5 Nxd5 14. Qxg7 Nxc3 15. Qxh8+ Bf8 16. bxc3 0-0-0 17. Qf6 Bc5 18. Re1 Rg8 19. g3 Qd7 20. Rxe5 Bd6 21. Rh5 Qc7 22. Nf1 b6 23. Rxh6 Rg6 24. Rxg6 fxg6 25. Bf4 Bxf4 26. Qxf4 Qh7 27. h4 Qxh4 28. gxh4 Bf3 29. Qxf3 Kd7 30. Re1 Kd6 31. Qf5 Kc7 32. h5 g5 33. Kg2 Kd6 34. Re6+ Kd7 35. Qf7+ Kd8 36. Ne3 a5 37. Qb7 b5 38. Ng4 a4 39. Ne5 a3 40. Nf7# 1-0

[Event "Markham op U2200"]
[Site "Markham"]
[Date "2018.10.05"]
[Round "1"]
[White "Li, Eric M"]
[Black "Hack, Justin"]
[Result "1-0"]
[WhiteElo "2000"]
[BlackElo "1834"]
[PlyCount "100"]
[EventDate "2018.10.05"]
[EventType "swiss"]
[EventRounds "5"]
[EventCountry "CAN"]
[SourceTitle "EXT 2022"]
[Source "ChessBase"]
[SourceDate "2021.10.06"]
[SourceVersion "1"]
[SourceVersionDate "2021.10.06"]
[SourceQuality "1"]

1. d4 Nf6 2. Bf4 d5 3. e3 c5 4. c3 Nc6 5. Nd2 Bf5 6. Ngf3 Qb6 7. Qb3 c4 8. Qxb6 axb6 9. a3 h6 10. h3 b5 11. Rc1 e6 12. Be2 Be7 13. 0-0 0-0 14. Bd1 Bd3 15. Re1 Ne4 16. Be2 Rfc8 17. Bxd3 cxd3 18. Nb3 g5 19. Bh2 Bxa3 20. bxa3 Rxa3 21. Nfd2 Nxd2 22. Nxd2 Ra2 23. Rcd1 b4 24. cxb4 Nxb4 25. Nb3 Rcc2 26. Bg3 d2 27. Re2 Rc1 28. Rexd2 Rxd2 29. Rxc1 Rb2 30. Nc5 b5 31. Rc3 Rb1+ 32. Kh2 Na2 33. Rb3 Rxb3 34. Nxb3 Nb4 35. Bd6 Nd3 36. Kg3 f6 37. Nc5 Nxc5 38. Bxc5 Kf7 39. Kf3 e5 40. Ke2 Ke6 41. Kd3 h5 42. Kc3 g4 43. hxg4 hxg4 44. Kb4 Kf5 45. f3 gxf3 46. gxf3 e4 47. f4 Kg4 48. Kxb5 Kf3 49. Kc6 Kxe3 50. Kxd5 Kxf4 1-0

[Event "Mississauga Goldon Horseshoe op U2000"]
[Site "Mississauga"]
[Date "2018.06.03"]
[Round "4.9"]
[White "Hack, Justin"]
[Black "Gillanders, Robert"]
[Result "1-0"]
[WhiteElo "1761"]
[BlackElo "1763"]
[PlyCount "55"]
[EventDate "2018.06.02"]
[EventType "swiss"]
[EventRounds "5"]
[EventCountry "CAN"]
[SourceTitle "EXT 2022"]
[Source "ChessBase"]
[SourceDate "2021.10.06"]
[SourceVersion "1"]
[SourceVersionDate "2021.10.06"]
[SourceQuality "1"]

1. d4 Nf6 2. c4 c5 3. d5 e6 4. Nc3 exd5 5. cxd5 d6 6. e4 g6 7. f4 Bg7 8. Nf3 0-0 9. Bd3 a6 10. a4 Bg4 11. 0-0 Re8 12. h3 Bxf3 13. Qxf3 Nbd7 14. Be3 Rc8 15. Bc2 Qa5 16. Bf2 Qb4 17. Rab1 b5 18. axb5 axb5 19. Bg3 Nh5 20. Bh2 Bd4+ 21. Kh1 f5 22. exf5 Re3 23. Qd1 Ng3+ 24. Bxg3 Rxg3 25. fxg6 hxg6 26. Rf3 Rxf3 27. Qxf3 Kg7 28. Qg4 1-0

[Event "Mississauga Goldon Horseshoe op U2000"]
[Site "Mississauga"]
[Date "2018.06.03"]
[Round "5.6"]
[White "Joseph Benher, Savio"]
[Black "Hack, Justin"]
[Result "1/2-1/2"]
[WhiteElo "1722"]
[BlackElo "1761"]
[PlyCount "47"]
[EventDate "2018.06.02"]
[EventType "swiss"]
[EventRounds "5"]
[EventCountry "CAN"]
[SourceTitle "EXT 2022"]
[Source "ChessBase"]
[SourceDate "2021.10.06"]
[SourceVersion "1"]
[SourceVersionDate "2021.10.06"]
[SourceQuality "1"]

1. e4 c5 2. Nf3 d6 3. d4 cxd4 4. Qxd4 Nc6 5. Bb5 Bd7 6. Bxc6 bxc6 7. 0-0 e5 8. Qd3 Be7 9. Rd1 h6 10. b3 Nf6 11. Ba3 Qc7 12. Nc3 c5 13. Nd2 Rd8 14. Nc4 Bc6 15. Ne3 0-0 16. f3 g6 17. Bc1 Kh7 18. Qd2 Ng8 19. Qd3 Qd7 20. Bd2 Bg5 21. Nc4 Be7 22. Ne3 Bg5 23. Nc4 Be7 24. Ne3 1/2-1/2

[Event "Ontario-ch U20"]
[Site "Mississauga"]
[Date "2018.01.28"]
[Round "5"]
[White "Hack, Justin"]
[Black "Li, William"]
[Result "0-1"]
[WhiteElo "1813"]
[BlackElo "2226"]
[PlyCount "58"]
[EventDate "2018.01.27"]
[EventType "swiss"]
[EventRounds "5"]
[EventCountry "CAN"]
[SourceTitle "EXT 2022"]
[Source "ChessBase"]
[SourceDate "2021.10.06"]
[SourceVersion "1"]
[SourceVersionDate "2021.10.06"]
[SourceQuality "1"]

1. d4 Nf6 2. c4 e6 3. Nf3 b6 4. g3 Ba6 5. b3 Bb7 6. Bg2 Bb4+ 7. Bd2 a5 8. Bxb4 axb4 9. Nbd2 0-0 10. 0-0 c5 11. Qc2 Nc6 12. dxc5 bxc5 13. e4 d6 14. Rfd1 Qc7 15. Qb2 Nd7 16. Nh4 Rfd8 17. f4 Nd4 18. Re1 e5 19. Nhf3 Ne6 20. fxe5 Nxe5 21. Qc2 Ra3 22. Nf1 Rda8 23. Nxe5 dxe5 24. Qb2 Nd4 25. Ne3 Qa5 26. Nc2 Rxa2 27. Rxa2 Qxa2 28. Qxa2 Rxa2 29. Nxd4 exd4 0-1

[Event "Ontario-ch U20"]
[Site "Mississauga"]
[Date "2018.01.28"]
[Round "4"]
[White "Washimkar, Arhant"]
[Black "Hack, Justin"]
[Result "1-0"]
[WhiteElo "1899"]
[BlackElo "1813"]
[PlyCount "47"]
[EventDate "2018.01.27"]
[EventType "swiss"]
[EventRounds "5"]
[EventCountry "CAN"]
[SourceTitle "EXT 2022"]
[Source "ChessBase"]
[SourceDate "2021.10.06"]
[SourceVersion "1"]
[SourceVersionDate "2021.10.06"]
[SourceQuality "1"]

1. e4 c5 2. Nf3 d6 3. Bb5+ Bd7 4. Bxd7+ Qxd7 5. 0-0 Nc6 6. c3 d5 7. e5 e6 8. d4 cxd4 9. cxd4 Nge7 10. a3 Nc8 11. Be3 Nb6 12. Nbd2 Be7 13. Qe2 0-0 14. b4 Rfc8 15. Rfc1 Nd8 16. Nb3 Nc4 17. Nfd2 b5 18. Nxc4 bxc4 19. Nc5 Bxc5 20. dxc5 a5 21. Qg4 Kh8 22. Bg5 axb4 23. Bf6 gxf6 24. exf6 1-0

[Event "Ontario-ch U20"]
[Site "Mississauga"]
[Date "2018.01.27"]
[Round "3"]
[White "Hack, Justin"]
[Black "Papneja, Arul"]
[Result "0-1"]
[WhiteElo "1813"]
[BlackElo "1920"]
[PlyCount "76"]
[EventDate "2018.01.27"]
[EventType "swiss"]
[EventRounds "5"]
[EventCountry "CAN"]
[SourceTitle "EXT 2022"]
[Source "ChessBase"]
[SourceDate "2021.10.06"]
[SourceVersion "1"]
[SourceVersionDate "2021.10.06"]
[SourceQuality "1"]

1. d4 Nf6 2. c4 e6 3. Nf3 Bb4+ 4. Nbd2 0-0 5. a3 Be7 6. e4 d6 7. b4 c5 8. bxc5 dxc5 9. d5 exd5 10. cxd5 Re8 11. Bb5 Bd7 12. Bxd7 Nbxd7 13. 0-0 a6 14. Bb2 b5 15. Re1 Qc7 16. Nb3 Bd6 17. Qc2 c4 18. Nbd4 Nc5 19. Nf5 Ncxe4 20. Nxg7 Kxg7 21. Rxe4 Rxe4 22. Bxf6+ Kxf6 23. Qxe4 Kg7 24. g3 Qe7 25. Qg4+ Kh8 26. Qd4+ f6 27. Re1 Qg7 28. Re6 Bxa3 29. d6 Rd8 30. d7 Rxd7 31. Re8+ Bf8 32. Rxf8+ Qxf8 33. Qxd7 h6 34. Nh4 Qg7 35. Qc8+ Kh7 36. Qxa6 Qg5 37. Qb7+ Kg8 38. Qxb5 Qxb5 0-1